00457nam a2200193Ia 4500008004100000041001200041082001000053082001100063100001500074100001100089245003500100250001200135260001100147260003400158260000900192300001500201365002500216650002200241150909s9999 xx 000 0 und d aEnglish a631.8 bCOO/FE aCooke G W  eAuthor aFertilizing for maximum yield  a3rd Ed. aLondon bEnglish Language Book Society c1972 a465 Pages aUKP.3.95  aSoil conditioners